[Event "GBR-ch90"]
[Site "Edinburgh"]
[Date "2003.07.23"]
[Round "3.6"]
[White "Haslinger, Stewart"]
[Black "Ganguly, Surya Shekhar"]
[Result "0-1"]
[WhiteElo "2414"]
[BlackElo "2535"]
[PlyCount "119"]
[EventDate "2003.07.21"]
[EventType "swiss"]
[EventRounds "11"]
[EventCountry "GBR"]
[SourceTitle "BritBase"]
[Source "John Saunders"]
[SourceDate "2008.07.14"]
[SourceVersion "1"]
[SourceVersionDate "2008.07.14"]
[SourceQuality "2"]

1. e4 e5 2. Nf3 Nc6 3. Bb5 a6 4. Ba4 Nf6 5. O-O b5 6. Bb3 Bc5 7. a4 Rb8 8. c3
d6 9. d4 Bb6 10. a5 Ba7 11. h3 O-O 12. Re1 h6 13. Be3 exd4 14. cxd4 Re8 15. Nc3
b4 16. Nd5 Nxd5 17. Bxd5 Ne7 18. Bc4 Ng6 19. Qd3 Bb7 20. e5 Bxf3 21. Qxg6 d5
22. Qg3 dxc4 23. Bxh6 g6 24. Qxf3 Bxd4 25. Rad1 c5 26. Qf4 Re6 27. Bg5 Qxa5 28.
Bf6 Qb6 29. Re4 Rxf6 30. exf6 c3 31. bxc3 bxc3 32. Rde1 Rf8 33. Re5 Bxe5 34.
Qxe5 c2 35. Rc1 Qb1 36. Qg5 Rb8 37. Kh2 Rb6 38. Qd2 Rxf6 39. Rxc2 Qb8+ 40. g3
Qe5 41. Qd8+ Kg7 42. Qc8 Qd4 43. Qxc5 Rxf2+ 44. Kg1 Qxc5 45. Rxc5 Ra2 46. Rc6
a5 47. Ra6 a4 48. Kh1 a3 49. h4 f5 50. Kg1 Kf7 51. Kh1 Ke7 52. Kg1 Kd7 53. Ra8
Kc6 54. Rc8+ Kd5 55. Rc3 Ke4 56. Rb3 Ke5 57. Rf3 Kf6 58. h5 gxh5 59. Re3 Kg5
60. Rf3 0-1

[Event "GBR-ch90"]
[Site "Edinburgh"]
[Date "2003.07.23"]
[Round "3.7"]
[White "Motwani, Paul"]
[Black "Grant, Jonathan"]
[Result "1-0"]
[WhiteElo "2525"]
[BlackElo "2271"]
[PlyCount "75"]
[EventDate "2003.07.21"]
[EventType "swiss"]
[EventRounds "11"]
[EventCountry "GBR"]
[SourceTitle "BritBase"]
[Source "John Saunders"]
[SourceDate "2008.07.14"]
[SourceVersion "1"]
[SourceVersionDate "2008.07.14"]
[SourceQuality "2"]

1. e4 c6 2. c4 d5 3. exd5 Nf6 4. Nc3 cxd5 5. cxd5 Nxd5 6. Nf3 Nc6 7. d4 Bg4 8.
Qb3 Bxf3 9. gxf3 e6 10. Qxb7 Nxd4 11. Bb5+ Nxb5 12. Qc6+ Ke7 13. Qxb5 Qd7 14.
Qe2 Rd8 15. O-O Nxc3 16. bxc3 Qd3 17. Qxd3 Rxd3 18. Rb1 h6 19. Rb8 Rd8 20. Ba3+
Ke8 21. Rfb1 Be7 22. R1b7 Rxb8 23. Rxb8+ Bd8 24. Rb7 h5 25. Rxa7 Rh6 26. Bd6
Rf6 27. c4 Rxf3 28. c5 Rc3 29. a4 h4 30. a5 h3 31. Kf1 Bf6 32. a6 Rc2 33. Rb7
Bh4 34. a7 Rxf2+ 35. Kg1 Rg2+ 36. Kh1 Ra2 37. Rb8+ Kd7 38. a8=Q {time} 1-0

[Event "GBR-ch90"]
[Site "Edinburgh"]
[Date "2003.07.23"]
[Round "3.8"]
[White "Howell, David W"]
[Black "Rahman, Ziaur"]
[Result "0-1"]
[WhiteElo "2323"]
[BlackElo "2521"]
[PlyCount "86"]
[EventDate "2003.07.21"]
[EventType "swiss"]
[EventRounds "11"]
[EventCountry "GBR"]
[SourceTitle "BritBase"]
[Source "John Saunders"]
[SourceDate "2008.07.14"]
[SourceVersion "1"]
[SourceVersionDate "2008.07.14"]
[SourceQuality "2"]

1. e4 c5 2. Nf3 e6 3. c3 d5 4. e5 Nc6 5. d4 Bd7 6. Be2 Nge7 7. Na3 Nf5 8. Nc2
cxd4 9. cxd4 Qb6 10. O-O a5 11. g4 Nfe7 12. Nh4 Ng6 13. Ng2 f6 14. exf6 gxf6
15. Kh1 Bg7 16. f4 f5 17. gxf5 exf5 18. Be3 Rc8 19. b3 O-O 20. Bf3 Nce7 21. Qd2
Rf6 22. Nge1 Rfc6 23. Bd1 Rc3 24. Nf3 Bb5 25. Rf2 Bd3 26. Nce1 Be4 27. Kg1 Kh8
28. h3 Qf6 29. Kh2 b5 30. Ne5 b4 31. Qe2 Rxe3 32. Qxe3 Rc3 33. N1d3 Nxe5 34.
fxe5 Qa6 35. Be2 Bxd3 36. Qg5 Bxe2 37. Qxe7 Qh6 38. Qd8+ Bf8 39. Qf6+ Qxf6 40.
exf6 Bf3 41. Kg3 Be4+ 42. Kh4 Kg8 43. a3 bxa3 0-1

[Event "GBR-ch90"]
[Site "Edinburgh"]
[Date "2003.07.23"]
[Round "3.9"]
[White "Gallagher, Joseph G"]
[Black "Martyn, Rafe"]
[Result "1-0"]
[WhiteElo "2520"]
[BlackElo "2266"]
[PlyCount "53"]
[EventDate "2003.07.21"]
[EventType "swiss"]
[EventRounds "11"]
[EventCountry "GBR"]
[SourceTitle "BritBase"]
[Source "John Saunders"]
[SourceDate "2008.07.14"]
[SourceVersion "1"]
[SourceVersionDate "2008.07.14"]
[SourceQuality "2"]

1. e4 c6 2. d4 d5 3. Nc3 dxe4 4. Nxe4 Nd7 5. Ng5 e6 6. Bd3 Be7 7. N1f3 h6 8.
Ne4 Ngf6 9. O-O c5 10. c3 cxd4 11. Nxd4 O-O 12. Qe2 a6 13. Re1 Qc7 14. Nxf6+
Nxf6 15. Qf3 Qc5 16. h3 Bd7 17. Qxb7 a5 18. Be3 Qd6 19. Qf3 e5 20. Nf5 Qxd3 21.
Nxe7+ Kh8 22. Rad1 Qa6 23. Nf5 Qe6 24. Nd6 Ra6 25. Bc5 Rb8 26. b3 Kg8 27. Qg3
1-0

[Event "GBR-ch90"]
[Site "Edinburgh"]
[Date "2003.07.23"]
[Round "3.10"]
[White "Williams, Simon K"]
[Black "Wells, Peter K"]
[Result "1/2-1/2"]
[WhiteElo "2381"]
[BlackElo "2481"]
[PlyCount "62"]
[EventDate "2003.07.21"]
[EventType "swiss"]
[EventRounds "11"]
[EventCountry "GBR"]
[SourceTitle "BritBase"]
[Source "John Saunders"]
[SourceDate "2008.07.14"]
[SourceVersion "1"]
[SourceVersionDate "2008.07.14"]
[SourceQuality "2"]

1. d4 Nf6 2. c4 e6 3. Nf3 d5 4. Nc3 dxc4 5. Qa4+ c6 6. Qxc4 b5 7. Qd3 Nbd7 8.
e4 b4 9. Na4 Bb7 10. e5 Nd5 11. Bd2 N5b6 12. Qc2 Nxa4 13. Qxa4 a5 14. Bg5 Be7
15. Bxe7 Qxe7 16. Bd3 c5 17. Bb5 Bxf3 18. gxf3 Ra7 19. dxc5 O-O 20. Bxd7 Rxd7
21. Qxa5 Qh4 22. Rd1 Rxd1+ 23. Kxd1 Rd8+ 24. Ke1 Qd4 25. Kf1 Qd3+ 26. Kg2 Qg6+
27. Kh3 Qf5+ 28. Kg2 Qg5+ 29. Kh3 Qh5+ 30. Kg2 Qg5+ 31. Kh3 Qh5+ 1/2-1/2

[Event "GBR-ch90"]
[Site "Edinburgh"]
[Date "2003.07.23"]
[Round "3.12"]
[White "Rudd, Jack"]
[Black "Neelotpal, Das"]
[Result "1-0"]
[WhiteElo "2219"]
[BlackElo "2462"]
[PlyCount "75"]
[EventDate "2003.07.21"]
[EventType "swiss"]
[EventRounds "11"]
[EventCountry "GBR"]
[SourceTitle "BritBase"]
[Source "John Saunders"]
[SourceDate "2008.07.14"]
[SourceVersion "1"]
[SourceVersionDate "2008.07.14"]
[SourceQuality "2"]

1. e4 e5 2. Nf3 Nc6 3. Bb5 a6 4. Ba4 Nf6 5. O-O Be7 6. Re1 b5 7. Bb3 d6 8. c3
O-O 9. h3 Nd7 10. d4 Bf6 11. Be3 Bb7 12. Nbd2 Re8 13. a4 Nf8 14. Bd5 Na5 15. b4
Bxd5 16. exd5 Nb7 17. Ne4 Nd7 18. axb5 axb5 19. Qd3 Rb8 20. dxe5 dxe5 21. Qxb5
Nd6 22. Qd3 Nxe4 23. Qxe4 g6 24. Red1 Be7 25. Qc4 Bd6 26. Nd2 f5 27. f3 Qe7 28.
Qc6 e4 29. f4 g5 30. Nc4 Bxf4 31. Bxf4 gxf4 32. d6 cxd6 33. Nxd6 Qe6 34. Ra7
Rbd8 35. Qc7 Rf8 36. Nb7 Rc8 37. Qxd7 Qb6+ 38. Nc5 1-0

[Event "GBR-ch90"]
[Site "Edinburgh"]
[Date "2003.07.23"]
[Round "3.13"]
[White "Gordon, Stephen J"]
[Black "Sundararajan, Kidambi"]
[Result "0-1"]
[WhiteElo "2216"]
[BlackElo "2442"]
[PlyCount "84"]
[EventDate "2003.07.21"]
[EventType "swiss"]
[EventRounds "11"]
[EventCountry "GBR"]
[SourceTitle "BritBase"]
[Source "John Saunders"]
[SourceDate "2008.07.14"]
[SourceVersion "1"]
[SourceVersionDate "2008.07.14"]
[SourceQuality "2"]

1. d4 d5 2. c4 c6 3. Nf3 Nf6 4. Nc3 dxc4 5. a4 Bf5 6. Nh4 e6 7. Nxf5 exf5 8. e3
Bb4 9. Bxc4 O-O 10. O-O Nbd7 11. Qc2 g6 12. Ba2 Rc8 13. Rd1 Qe7 14. Bd2 Rfe8
15. Rac1 Bd6 16. f3 Nh5 17. Qb3 Ndf6 18. d5 Qe5 19. f4 Qe7 20. Re1 Bc5 21. dxc6
bxc6 22. Qc4 Rcd8 23. b4 Bxb4 24. Rc2 Rxd2 25. Rxd2 Bxc3 26. Qxc3 Ne4 27. Qc2
Nxd2 28. Qxd2 Nxf4 29. Qd4 Qe4 30. Qxe4 Rxe4 31. Bb1 Re7 32. Kf2 Nd5 33. Rc1
Nxe3 34. Rxc6 Ng4+ 35. Kg3 Re1 36. Ba2 Re3+ 37. Kh4 Ra3 38. h3 Ne3 39. Kg5 Kg7
40. Bxf7 h6+ 41. Kf4 Nxg2+ 42. Ke5 Re3+ 0-1

[Event "GBR-ch90"]
[Site "Edinburgh"]
[Date "2003.07.23"]
[Round "3.14"]
[White "Dignam, Matthew P"]
[Black "Bakre, Tejas"]
[Result "1/2-1/2"]
[WhiteElo "2124"]
[BlackElo "2433"]
[PlyCount "60"]
[EventDate "2003.07.21"]
[EventType "swiss"]
[EventRounds "11"]
[EventCountry "GBR"]
[SourceTitle "BritBase"]
[Source "John Saunders"]
[SourceDate "2008.07.14"]
[SourceVersion "1"]
[SourceVersionDate "2008.07.14"]
[SourceQuality "2"]

1. d4 Nf6 2. Nc3 d5 3. Bg5 b6 4. Bxf6 exf6 5. e4 Bb4 6. exd5 O-O 7. Bc4 b5 8.
Bb3 Re8+ 9. Nge2 Bxc3+ 10. bxc3 Bb7 11. O-O Bxd5 12. Bxd5 Qxd5 13. Nf4 Qd6 14.
Qf3 Nd7 15. a4 bxa4 16. Rxa4 a5 17. Nd5 Nb6 18. Nxb6 cxb6 19. d5 Rac8 20. c4 g6
21. g3 f5 22. Rb1 h5 23. Qb3 Rb8 24. Qc3 h4 25. c5 bxc5 26. Rxb8 Rxb8 27. Rxh4
f6 28. Qd2 g5 29. Ra4 Ra8 30. c4 Qc7 1/2-1/2

[Event "GBR-ch90"]
[Site "Edinburgh"]
[Date "2003.07.23"]
[Round "3.15"]
[White "Kotronias, Vasilios"]
[Black "Thomas, Nicholas"]
[Result "1-0"]
[WhiteElo "2602"]
[BlackElo "2281"]
[PlyCount "99"]
[EventDate "2003.07.21"]
[EventType "swiss"]
[EventRounds "11"]
[EventCountry "GBR"]
[SourceTitle "BritBase"]
[Source "John Saunders"]
[SourceDate "2008.07.14"]
[SourceVersion "1"]
[SourceVersionDate "2008.07.14"]
[SourceQuality "2"]

1. e4 e6 2. d4 d5 3. Nd2 Nf6 4. e5 Nfd7 5. c3 c5 6. Bd3 Nc6 7. Ne2 cxd4 8. cxd4
f6 9. exf6 Nxf6 10. Nf3 Bd6 11. O-O Qc7 12. Bg5 O-O 13. Bh4 Nh5 14. Qc2 h6 15.
Bh7+ Kh8 16. Bg6 Rxf3 17. Bxh5 Rf8 18. Bg3 Bd7 19. Rad1 Rf6 20. Qd2 Raf8 21.
Qe3 Ne7 22. Rc1 Qb6 23. Bxd6 Qxd6 24. Qe5 Qa6 25. Qc7 Bb5 26. Qxe7 Bxe2 27. Rc7
Rg8 28. Bxe2 Qxe2 29. Rxb7 Qg4 30. Rxa7 Qxd4 31. b4 Rf4 32. g3 Rf3 33. Rc7 Rgf8
34. Rc2 Qe4 35. Qc5 h5 36. Rd2 R8f6 37. Qd4 Qg6 38. b5 R6f4 39. Qb2 h4 40. b6
hxg3 41. hxg3 Rxg3+ 42. fxg3 Qxg3+ 43. Rg2 Qe3+ 44. Rff2 Qe1+ 45. Kh2 Rh4+ 46.
Kg3 Rh6 47. Rh2 Qe3+ 48. Kg2 Qe4+ 49. Kg1 Qg4+ 50. Rhg2 1-0

[Event "GBR-ch90"]
[Site "Edinburgh"]
[Date "2003.07.23"]
[Round "3.16"]
[White "Woodward, Timothy"]
[Black "Barua, Dibyendu"]
[Result "1-0"]
[WhiteElo "2285"]
[BlackElo "2561"]
[PlyCount "65"]
[EventDate "2003.07.21"]
[EventType "swiss"]
[EventRounds "11"]
[EventCountry "GBR"]
[SourceTitle "BritBase"]
[Source "John Saunders"]
[SourceDate "2008.07.14"]
[SourceVersion "1"]
[SourceVersionDate "2008.07.14"]
[SourceQuality "2"]

1. d4 d5 2. c4 e6 3. Nc3 Nf6 4. cxd5 exd5 5. Bg5 c6 6. Qc2 Na6 7. e3 Nc7 8. Bd3
Ne6 9. Bh4 Be7 10. Nf3 g6 11. h3 Ng7 12. g4 h5 13. O-O-O Be6 14. Ne5 Nd7 15.
Bg3 h4 16. Bh2 Bf6 17. f4 Bxe5 18. fxe5 Qe7 19. Rhf1 O-O 20. Kb1 Rac8 21. e4
Rfd8 22. Qd2 Nf8 23. Qh6 Nh7 24. Rf6 dxe4 25. Bxe4 Rd7 26. Bc2 Rcd8 27. Ne4
Rxd4 28. Rxd4 Rxd4 29. Rf1 Ne8 30. Nf6+ Nhxf6 31. exf6 Qd7 32. Be5 Rd2 33. Bxg6
1-0

[Event "GBR-ch90"]
[Site "Edinburgh"]
[Date "2003.07.23"]
[Round "3.17"]
[White "Buckley, Simon T"]
[Black "Turner, Matthew J"]
[Result "0-1"]
[WhiteElo "2267"]
[BlackElo "2519"]
[PlyCount "74"]
[EventDate "2003.07.21"]
[EventType "swiss"]
[EventRounds "11"]
[EventCountry "GBR"]
[SourceTitle "BritBase"]
[Source "John Saunders"]
[SourceDate "2008.07.14"]
[SourceVersion "1"]
[SourceVersionDate "2008.07.14"]
[SourceQuality "2"]

1. d4 Nf6 2. Bg5 e6 3. e4 h6 4. Bxf6 Qxf6 5. c3 d6 6. Bd3 Nd7 7. Ne2 g6 8. O-O
Bg7 9. f4 Qd8 10. f5 e5 11. fxg6 fxg6 12. Qb3 Qe7 13. Bc4 Nf6 14. Nd2 c6 15. a4
Bg4 16. a5 Rf8 17. h3 Bxe2 18. Bxe2 a6 19. Kh1 O-O-O 20. d5 cxd5 21. exd5 e4
22. Ra4 e3 23. Bxa6 exd2 24. Bxb7+ Qxb7 25. Rc4+ Kb8 26. Rb4 Rd7 27. a6 Qxb4
28. Qxb4+ Ka8 29. Qb6 Ne4 30. Qc6+ Kb8 31. Rxf8+ Bxf8 32. Qxd7 d1=Q+ 33. Kh2
Qxd5 34. a7+ Ka8 35. Qc7 Qe5+ 36. Kh1 Ng3+ 37. Kh2 Nf1+ 0-1

[Event "GBR-ch90"]
[Site "Edinburgh"]
[Date "2003.07.23"]
[Round "3.18"]
[White "Kunte, Abhijit"]
[Black "Simpson, James"]
[Result "1-0"]
[WhiteElo "2515"]
[BlackElo "2265"]
[PlyCount "99"]
[EventDate "2003.07.21"]
[EventType "swiss"]
[EventRounds "11"]
[EventCountry "GBR"]
[SourceTitle "BritBase"]
[Source "John Saunders"]
[SourceDate "2008.07.14"]
[SourceVersion "1"]
[SourceVersionDate "2008.07.14"]
[SourceQuality "2"]

1. d4 Nf6 2. c4 e6 3. g3 d5 4. Bg2 c6 5. Nf3 Bd6 6. O-O Nbd7 7. Nbd2 O-O 8. Qc2
e5 9. dxe5 Nxe5 10. Nxe5 Bxe5 11. cxd5 Nxd5 12. a3 Qe7 13. Nf3 h6 14. e4 Nf6
15. Bd2 Rd8 16. Bb4 Qc7 17. Nxe5 Qxe5 18. h3 a5 19. Bc5 Qc7 20. Be3 a4 21. f4
Be6 22. e5 Bb3 23. Qf2 Nd5 24. Bc5 Re8 25. Kh2 Rad8 26. Rfe1 Qc8 27. Rac1 Ne7
28. Bb6 Rd7 29. f5 Nd5 30. Bc5 Nc7 31. f6 Qd8 32. fxg7 Rd2 33. Re2 Rxe2 34.
Qxe2 Qg5 35. Re1 Qxg7 36. Bd6 Ne6 37. Qf2 Qg5 38. Re4 h5 39. Rb4 Nd8 40. Rf4
Be6 41. Rxa4 b5 42. Ra8 Kg7 43. Bxc6 Nxc6 44. Rxe8 Nxe5 45. Qd4 Qd2+ 46. Qxd2
Nf3+ 47. Kg2 Nxd2 48. Rb8 Bc4 49. Bf4 Ne4 50. b3 1-0

[Event "GBR-ch90"]
[Site "Edinburgh"]
[Date "2003.07.23"]
[Round "3.19"]
[White "Pert, Nicholas"]
[Black "Lyell, Mark"]
[Result "1-0"]
[WhiteElo "2483"]
[BlackElo "2256"]
[PlyCount "65"]
[EventDate "2003.07.21"]
[EventType "swiss"]
[EventRounds "11"]
[EventCountry "GBR"]
[SourceTitle "BritBase"]
[Source "John Saunders"]
[SourceDate "2008.07.14"]
[SourceVersion "1"]
[SourceVersionDate "2008.07.14"]
[SourceQuality "2"]

1. d4 f5 2. Bg5 g6 3. Nd2 Bg7 4. e3 Nf6 5. h4 O-O 6. Ne2 Qe8 7. Nf4 e6 8. h5
Nxh5 9. Nxh5 gxh5 10. Be2 d6 11. Bxh5 Qd7 12. Qf3 Nc6 13. Qh3 Nb4 14. Bd1 Bf6
15. Bh6 Rf7 16. a3 Qa4 17. Rc1 Nc6 18. c4 Qa5 19. Bh5 Re7 20. Qg3+ Bg7 21. Bg5
Bd7 22. Qh4 Be8 23. Bxe7 Bxh5 24. Qxh5 Nxe7 25. Qxh7+ Kf7 26. Qh5+ Ng6 27. Qf3
Rb8 28. Rh5 c5 29. d5 Rf8 30. dxe6+ Kg8 31. Rg5 Rf6 32. Qxb7 Rxe6 33. Rxf5 1-0

[Event "GBR-ch90"]
[Site "Edinburgh"]
[Date "2003.07.23"]
[Round "3.20"]
[White "Shaw, John Kerr"]
[Black "Moore, Gerald"]
[Result "1/2-1/2"]
[WhiteElo "2480"]
[BlackElo "2252"]
[PlyCount "57"]
[EventDate "2003.07.21"]
[EventType "swiss"]
[EventRounds "11"]
[EventCountry "GBR"]
[SourceTitle "BritBase"]
[Source "John Saunders"]
[SourceDate "2008.07.14"]
[SourceVersion "1"]
[SourceVersionDate "2008.07.14"]
[SourceQuality "2"]

1. e4 c5 2. Nf3 Nc6 3. Bb5 g6 4. Bxc6 dxc6 5. d3 Bg7 6. h3 Nf6 7. Nc3 O-O 8.
Be3 b6 9. Qd2 e5 10. Bh6 Qd6 11. Bxg7 Kxg7 12. Qg5 Re8 13. Nd2 h6 14. Qh4 Nh5
15. Ne2 Qf6 16. Qxf6+ Kxf6 17. g3 Be6 18. f4 exf4 19. g4 Ng3 20. Nxg3 fxg3 21.
O-O+ Kg7 22. Rf3 Rad8 23. Raf1 c4 24. Nxc4 Bxc4 25. dxc4 Rd7 26. Rd3 Rde7 27.
Rdf3 Rd7 28. Rd3 Rde7 29. Rdf3 1/2-1/2

[Event "GBR-ch90"]
[Site "Edinburgh"]
[Date "2003.07.23"]
[Round "3.21"]
[White "Hossain, Enamul"]
[Black "Ashton, Adam"]
[Result "1-0"]
[WhiteElo "2452"]
[BlackElo "2234"]
[PlyCount "91"]
[EventDate "2003.07.21"]
[EventType "swiss"]
[EventRounds "11"]
[EventCountry "GBR"]
[SourceTitle "BritBase"]
[Source "John Saunders"]
[SourceDate "2008.07.14"]
[SourceVersion "1"]
[SourceVersionDate "2008.07.14"]
[SourceQuality "2"]

1. e4 e5 2. Nf3 Nc6 3. Bb5 a6 4. Bxc6 dxc6 5. O-O Bd6 6. d4 exd4 7. Qxd4 f6 8.
Re1 Ne7 9. Qc4 Ng6 10. Nbd2 Qe7 11. Qb3 Rb8 12. Nc4 Be6 13. Nd4 O-O 14. Nxe6
Qxe6 15. Be3 Ne5 16. Nxe5 Qxb3 17. axb3 Bxe5 18. c3 Rbe8 19. f3 Bd6 20. g4 g6
21. Kg2 Re6 22. Rad1 f5 23. exf5 gxf5 24. Bd2 Rg6 25. h3 fxg4 26. fxg4 h5 27.
g5 h4 28. Re4 Bg3 29. Be3 Rd6 30. Rxd6 cxd6 31. Re7 Rf7 32. Re8+ Kh7 33. Re6
Kg8 34. g6 Rf5 35. Bh6 Re5 36. Rxe5 Bxe5 37. Kf3 d5 38. Kg4 Bg3 39. Bg5 Kg7 40.
Kf5 Bf2 41. Bf6+ Kg8 42. b4 b6 43. Ke6 Bg3 44. Kd7 c5 45. bxc5 bxc5 46. Kc6 1-0

[Event "GBR-ch90"]
[Site "Edinburgh"]
[Date "2003.07.23"]
[Round "3.22"]
[White "Vijayalakshmi, Subbaraman"]
[Black "Radovanovic, Jovica"]
[Result "1-0"]
[WhiteElo "2435"]
[BlackElo "2239"]
[PlyCount "107"]
[EventDate "2003.07.21"]
[EventType "swiss"]
[EventRounds "11"]
[EventCountry "GBR"]
[SourceTitle "BritBase"]
[Source "John Saunders"]
[SourceDate "2008.07.14"]
[SourceVersion "1"]
[SourceVersionDate "2008.07.14"]
[SourceQuality "2"]

1. d4 Nf6 2. Nf3 g6 3. g3 Bg7 4. Bg2 O-O 5. O-O d6 6. c4 Nc6 7. Nc3 a6 8. Re1
Rb8 9. Rb1 e5 10. dxe5 dxe5 11. Bg5 Qxd1 12. Rbxd1 h6 13. Bxf6 Bxf6 14. Nd5 Bd8
15. b4 e4 16. Nd2 e3 17. Nxe3 Nxb4 18. a3 Nc6 19. Rb1 Na5 20. Ne4 Be6 21. Nc5
Bg5 22. Nd5 c6 23. Nxe6 fxe6 24. Nc7 Nxc4 25. Nxe6 Rfe8 26. Nc5 Na5 27. a4 Be7
28. Nb3 Nxb3 29. Rxb3 a5 30. Rd1 Bb4 31. e3 Red8 32. Rbd3 Rxd3 33. Rxd3 Re8 34.
f4 Kf7 35. Kf2 Ke7 36. h4 Rd8 37. Rxd8 Kxd8 38. Be4 g5 39. Kf3 gxh4 40. gxh4
Ke7 41. Bd3 Be1 42. Kg4 h5+ 43. Kg5 Bd2 44. e4 Kd6 45. Be2 Kc5 46. Bxh5 b5 47.
Bd1 Kd4 48. e5 Ke4 49. Bc2+ Kf3 50. e6 Bxf4+ 51. Kg6 Bd6 52. h5 bxa4 53. Bxa4
Ke4 54. h6 1-0

[Event "GBR-ch90"]
[Site "Edinburgh"]
[Date "2003.07.23"]
[Round "3.23"]
[White "Addison, Bret C"]
[Black "McNab, Colin Anderson"]
[Result "0-1"]
[WhiteElo "2251"]
[BlackElo "2395"]
[PlyCount "68"]
[EventDate "2003.07.21"]
[EventType "swiss"]
[EventRounds "11"]
[EventCountry "GBR"]
[SourceTitle "BritBase"]
[Source "John Saunders"]
[SourceDate "2008.07.14"]
[SourceVersion "1"]
[SourceVersionDate "2008.07.14"]
[SourceQuality "2"]

1. d4 d6 2. e4 g6 3. c4 Nd7 4. Nc3 e5 5. d5 a5 6. Be3 h5 7. Bd3 Bh6 8. Bxh6
Nxh6 9. Nge2 Nc5 10. Bc2 Qg5 11. O-O Bh3 12. Ng3 Bd7 13. Qc1 Qh4 14. f3 f5 15.
exf5 gxf5 16. Nb5 O-O-O 17. b3 f4 18. Ne4 Ng4 19. fxg4 hxg4 20. Qd2 Qxh2+ 21.
Kf2 f3 22. Nxc5 dxc5 23. Be4 Qxg2+ 24. Ke3 Qg3 25. Rf2 Bxb5 26. cxb5 Kb8 27.
Kd3 Rdf8 28. Raf1 Rf4 29. Qe3 Qh4 30. Kc3 Qe7 31. Rg1 c4 32. Kxc4 Qb4+ 33. Kd3
Qxb5+ 34. Kc2 Rxe4 0-1

[Event "GBR-ch90"]
[Site "Edinburgh"]
[Date "2003.07.23"]
[Round "3.24"]
[White "Rendle, Thomas"]
[Black "McDonald, Neil R"]
[Result "1/2-1/2"]
[WhiteElo "2240"]
[BlackElo "2384"]
[PlyCount "20"]
[EventDate "2003.07.21"]
[EventType "swiss"]
[EventRounds "11"]
[EventCountry "GBR"]
[SourceTitle "BritBase"]
[Source "John Saunders"]
[SourceDate "2008.07.14"]
[SourceVersion "1"]
[SourceVersionDate "2008.07.14"]
[SourceQuality "2"]

1. e4 e6 2. d4 d5 3. e5 c5 4. c3 Qb6 5. Nf3 Bd7 6. Na3 Nc6 7. Nc2 cxd4 8. cxd4
Nge7 9. Bd3 Ng6 10. O-O Be7 1/2-1/2

[Event "GBR-ch90"]
[Site "Edinburgh"]
[Date "2003.07.23"]
[Round "3.25"]
[White "Anderton, Matthew N"]
[Black "Collins, Sam IRL"]
[Result "0-1"]
[WhiteElo "2237"]
[BlackElo "2381"]
[PlyCount "60"]
[EventDate "2003.07.21"]
[EventType "swiss"]
[EventRounds "11"]
[EventCountry "GBR"]
[SourceTitle "BritBase"]
[Source "John Saunders"]
[SourceDate "2008.07.14"]
[SourceVersion "1"]
[SourceVersionDate "2008.07.14"]
[SourceQuality "2"]

1. e4 c5 2. c3 b6 3. d4 Bb7 4. Bd3 Nf6 5. Nd2 cxd4 6. cxd4 Nc6 7. Ne2 e5 8. a3
d5 9. O-O exd4 10. Re1 Be7 11. e5 Nxe5 12. Bb5+ Nfd7 13. Nxd4 O-O 14. f4 Ng6
15. N2f3 Bf6 16. b4 a6 17. Bd3 Re8 18. Rxe8+ Qxe8 19. Ra2 Bxd4+ 20. Nxd4 Nf6
21. Qe2 Ne4 22. Rc2 Qd7 23. Qh5 Re8 24. Qf5 Qe7 25. Nc6 Bxc6 26. Rxc6 Nc3 27.
Bd2 Ne2+ 28. Bxe2 Qxe2 29. Rc8 Qd1+ 30. Kf2 Qxd2+ 0-1

[Event "GBR-ch90"]
[Site "Edinburgh"]
[Date "2003.07.23"]
[Round "3.26"]
[White "Ansell, Simon T"]
[Black "McEwan, Ken B"]
[Result "1-0"]
[WhiteElo "2379"]
[BlackElo "2190"]
[PlyCount "91"]
[EventDate "2003.07.21"]
[EventType "swiss"]
[EventRounds "11"]
[EventCountry "GBR"]
[SourceTitle "BritBase"]
[Source "John Saunders"]
[SourceDate "2008.07.14"]
[SourceVersion "1"]
[SourceVersionDate "2008.07.14"]
[SourceQuality "2"]

1. e4 c5 2. Nf3 d6 3. c3 Nf6 4. Be2 Nbd7 5. d3 g6 6. O-O Bg7 7. Nbd2 O-O 8. d4
cxd4 9. cxd4 b6 10. Re1 Bb7 11. Bd3 Rc8 12. Nf1 e5 13. d5 Nc5 14. Bc2 Qc7 15.
Bd2 Ba6 16. Bc3 Qe7 17. Ng3 Ncd7 18. h3 Rc7 19. Bd3 Bxd3 20. Qxd3 Rfc8 21. a4
Nc5 22. Qd1 Ne8 23. Ra3 a5 24. Nh2 Qd7 25. Qg4 Qxg4 26. hxg4 Bh6 27. Nf3 Bf4
28. Nf1 Nd3 29. Re2 Nf6 30. g3 Bc1 31. g5 Ng4 32. Bd2 Bxd2 33. N3xd2 Nb4 34. f3
Nc2 35. Rc3 Nd4 36. Re1 Rxc3 37. bxc3 Nc2 38. Re2 Rxc3 39. fxg4 Nb4 40. Ne3 Ra3
41. Ndc4 Rxa4 42. Nxd6 Nd3 43. Rc2 Nc5 44. Nec4 Ra1+ 45. Kh2 b5 46. Nxe5 1-0

[Event "GBR-ch90"]
[Site "Edinburgh"]
[Date "2003.07.23"]
[Round "3.27"]
[White "Sowray, Peter J"]
[Black "Adams, David M"]
[Result "1-0"]
[WhiteElo "2346"]
[BlackElo "2172"]
[PlyCount "61"]
[EventDate "2003.07.21"]
[EventType "swiss"]
[EventRounds "11"]
[EventCountry "GBR"]
[SourceTitle "BritBase"]
[Source "John Saunders"]
[SourceDate "2008.07.14"]
[SourceVersion "1"]
[SourceVersionDate "2008.07.14"]
[SourceQuality "2"]

1. d4 Nf6 2. c4 c6 3. Nf3 d5 4. e3 g6 5. Nc3 Bg7 6. Bd3 O-O 7. O-O b6 8. Ne5
Bb7 9. Qe2 Ne8 10. Rd1 Nd6 11. e4 f6 12. Nf3 dxc4 13. Bc2 b5 14. e5 Nf7 15. Ne4
Na6 16. b3 Qc7 17. bxc4 fxe5 18. cxb5 cxb5 19. Bb3 exd4 20. Neg5 d3 21. Bxf7+
Kh8 22. Qe6 Bc8 23. Qe4 Bxa1 24. Qh4 Rxf7 25. Nxf7+ Kg7 26. Bf4 Qc4 27. N7g5 h6
28. Rxa1 hxg5 29. Nxg5 Bf5 30. Be5+ Kf8 31. Qh8+ 1-0

[Event "GBR-ch90"]
[Site "Edinburgh"]
[Date "2003.07.23"]
[Round "3.28"]
[White "Nixon, Thomas"]
[Black "Mannion, Stephen"]
[Result "1/2-1/2"]
[WhiteElo "2226"]
[BlackElo "2339"]
[PlyCount "63"]
[EventDate "2003.07.21"]
[EventType "swiss"]
[EventRounds "11"]
[EventCountry "GBR"]
[SourceTitle "BritBase"]
[Source "John Saunders"]
[SourceDate "2008.07.14"]
[SourceVersion "1"]
[SourceVersionDate "2008.07.14"]
[SourceQuality "2"]

1. d4 Nf6 2. c4 c5 3. d5 b5 4. cxb5 a6 5. f3 axb5 6. e4 Qa5+ 7. Bd2 b4 8. Na3
d6 9. Nc4 Qd8 10. a3 e6 11. dxe6 Bxe6 12. axb4 Rxa1 13. Qxa1 d5 14. Ne5 Bd6 15.
Bb5+ Ke7 16. exd5 Nxd5 17. Nd3 cxb4 18. Qa7+ Nd7 19. Ne2 Qb6 20. Qxb6 N7xb6 21.
Nd4 Rc8 22. O-O Bd7 23. Re1+ Kd8 24. Rc1 Rxc1+ 25. Bxc1 Bxb5 26. Nxb5 Be7 27.
Nd4 Kc7 28. Kf2 Nc4 29. Ke2 Kb6 30. g3 Bf6 31. Nb3 Kc6 32. Nd2 1/2-1/2